[Event "Portugal Open 2018"]
[Site "Lisboa POR"]
[Date "2018.02.07"]
[Round "7.60"]
[White "Silva, Mariana"]
[Black "Santos, José Alves"]
[Result "1-0"]
[WhiteElo "1901"]
[BlackElo "2150"]
[WhiteFideId "1911899"]
[BlackFideId "1900366"]
[WhiteTitle "WCM"]
[BlackTitle "NM"]
[WhiteCountry "POR"]
[BlackCountry "POR"]
[PlyCount "175"]
[EventDate "2018.??.??"]

1. e4 e5 2. Nf3 Nc6 3. d4 exd4 4. Nxd4 Nf6 5. Nc3 Bb4 6. Nxc6 bxc6 7. Bd3 d6 8.
h3 O-O 9. O-O Re8 10. Qf3 Nd7 11. Qg3 Ne5 12. Bg5 f6 13. Bh6 Qe7 14. Bd2 Nxd3
15. cxd3 Rb8 16. a3 Bc5 17. b4 Bd4 18. Rac1 Bd7 19. Be3 Bxe3 20. Qxe3 a5 21. b5
c5 22. Rb1 Qe5 23. Qd2 f5 24. Rfe1 f4 25. Nd5 f3 26. Nxc7 Rf8 27. Qa2+ Kh8 28.
Qd5 Qf6 29. Qh5 fxg2 30. Re2 Qd4 31. Qd5 Qf6 32. Qh5 g6 33. Qh6 Qd4 34. Qe3 Qe5
35. Qd2 Bxh3 36. Qb2 Qxb2 37. Rexb2 Rf3 38. b6 Rb7 39. Rd2 Rf7 40. Nd5 Be6 41.
Ne3 a4 42. Nc4 Bxc4 43. dxc4 Rf6 44. Kxg2 Kg7 45. Rdb2 Rf8 46. Rd2 Rf6 47. Rb5
Kf7 48. Rdb2 Ke6 49. Ra5 Rf8 50. Rxa4 Rfb8 51. Ra7 Rxb6 52. Rxb6 Rxb6 53. Rxh7
Ke5 54. Rh6 g5 55. Rg6 Kf4 56. Re6 g4 57. e5 Rb3 58. Rxd6 Kxe5 59. Rd5+ Ke6 60.
Rxc5 Rxa3 61. Rg5 Rd3 62. Rxg4 Kf5 63. Rg3 Rd6 64. Rc3 Ke4 65. c5 Rg6+ 66. Rg3
Rc6 67. f3+ Ke3 68. Rg5 Kf4 69. Rg4+ Ke3 70. Re4+ Kd3 71. Re5 Kd4 72. Rg5 Ke3
73. Kg3 Ra6 74. Rf5 Rg6+ 75. Kh4 Rg1 76. c6 Rg8 77. c7 Rc8 78. Rf7 Rg8 79. Kh5
Ke2 80. Kh6 Ke3 81. Kh7 Rc8 82. f4 Ke4 83. f5 Ke5 84. Kg7 Kd6 85. f6 Ke6 86.
Re7+ Kd6 87. Kf7 Rh8 88. Re8 1-0

[Event "Portugal Open 2018"]
[Site "Lisboa POR"]
[Date "2018.02.07"]
[Round "7.61"]
[White "Ruiz Bellón, Manuel"]
[Black "Reis, Luís Sousa"]
[Result "0-1"]
[WhiteElo "1886"]
[BlackElo "2141"]
[WhiteFideId "32011504"]
[BlackFideId "1900609"]
[BlackTitle "NM"]
[WhiteCountry "ESP"]
[BlackCountry "POR"]
[PlyCount "120"]
[EventDate "2018.??.??"]

1. Nf3 d5 2. g3 c5 3. Bg2 f6 4. c4 d4 5. d3 e5 6. e3 Nc6 7. exd4 cxd4 8. a3 a5
9. O-O Bg4 10. Re1 Qd7 11. Nbd2 Nh6 12. Qa4 Ra6 13. Ne4 Nf7 14. Qb5 Be7 15. Nc5
Bxc5 16. Qxc5 Nfd8 17. Nd2 Ne6 18. Qd5 Qe7 19. Ne4 Nc7 20. Qc5 Ne6 21. Qxe7+
Kxe7 22. f4 a4 23. Bd2 Rb6 24. Nf2 Bh5 25. g4 Be8 26. fxe5 Rxb2 27. exf6+ gxf6
28. Re2 Kf7 29. Bd5 Ne5 30. Rae1 Bc6 31. Nd1 Rc2 32. Rf1 Bxd5 33. cxd5 Ng5 34.
Rxe5 Nh3+ 35. Kg2 Rxd2+ 36. Kxh3 Rxd3+ 37. Kg2 Rxd1 38. Rf3 Rd2+ 39. Kg3 Rd3 40.
Re4 Rxf3+ 41. Kxf3 Rc8 42. Rxd4 Rc3+ 43. Kf4 Rxa3 44. d6 Ke8 45. d7+ Kd8 46. h4
b5 47. Kf5 Rf3+ 48. Ke6 a3 49. Rb4 Re3+ 50. Kd6 Rd3+ 51. Ke6 Rxd7 52. Rxb5 Ra7
53. Rd5+ Ke8 54. Rd1 Ra6+ 55. Kf5 a2 56. Ra1 Kf7 57. g5 Ra5+ 58. Kg4 f5+ 59. Kh5
Kg7 60. g6 hxg6+ 0-1

[Event "Portugal Open 2018"]
[Site "Lisboa POR"]
[Date "2018.02.07"]
[Round "7.62"]
[White "Neto, Horácio"]
[Black "Turta, Stelian"]
[Result "0-1"]
[WhiteElo "2139"]
[BlackElo "1922"]
[WhiteFideId "1900315"]
[BlackFideId "1924680"]
[WhiteCountry "POR"]
[BlackCountry "POR"]
[PlyCount "174"]
[EventDate "2018.??.??"]

1. d4 d5 2. c4 e6 3. Nc3 Nf6 4. cxd5 exd5 5. Bg5 c6 6. e3 Be7 7. Bd3 O-O 8. Qc2
h6 9. Bh4 Re8 10. Nge2 Bg4 11. f3 Be6 12. O-O Nbd7 13. Rad1 Nf8 14. Bf2 Rc8 15.
Ng3 g6 16. f4 Bd7 17. Qd2 Ng4 18. f5 Bg5 19. Rde1 Qe7 20. Nd1 c5 21. fxg6 fxg6
22. dxc5 Qxc5 23. h3 Ne5 24. Bb1 Bb5 25. Ne2 Nc4 26. Qc3 Nxe3 27. Qxc5 Rxc5 28.
h4 Nxf1 29. Bxc5 Bd2 30. Rxf1 Bxe2 31. Rxf8+ Rxf8 32. Bxf8 Bxd1 33. Bc5 b6 34.
Bd4 Kf7 35. Bd3 Be1 36. Bf2 Bb4 37. Be3 Bc5 38. Kf2 Kf6 39. a3 Bb3 40. Kf3 Bd1+
41. Kf2 g5 42. hxg5+ hxg5 43. b4 Bxe3+ 44. Kxe3 Ke5 45. Ba6 Bc2 46. g3 d4+ 47.
Kd2 Bf5 48. Bb7 Be4 49. Ba6 Bb1 50. Bb7 Ba2 51. Ba6 Ke4 52. Ke2 Bb1 53. Bb7+ Ke5
54. Kd2 a5 55. Ke2 Be4 56. Ba6 Bc6 57. Bd3 Bd7 58. Kd2 Bg4 59. Ba6 Bh3 60. Bd3
Bg2 61. Ba6 Be4 62. Ke2 Kf5 63. Bc8+ Kg6 64. Bd7 Bf5 65. Be8+ Kh6 66. Kd2 Kg7
67. Bc6 Kf6 68. Bb7 Ke5 69. Ke2 Be6 70. Ba6 axb4 71. axb4 Kf5 72. Bd3+ Kg4 73.
Kf2 Kh3 74. Bf1+ Kh2 75. Be2 Bd5 76. Bd3 Bc6 77. Be2 Be4 78. Bd1 Bg6 79. Be2 d3
80. Bd1 Bf7 81. Ke3 Kxg3 82. Kxd3 Bd5 83. Kd4 Bf3 84. Ba4 Kf2 85. Bd7 g4 86. Kc4
Be2+ 87. Kd5 b5 0-1

[Event "Portugal Open 2018"]
[Site "Lisboa POR"]
[Date "2018.02.07"]
[Round "7.63"]
[White "Martins, Bruno"]
[Black "Stokes, Paul"]
[Result "1-0"]
[WhiteElo "2137"]
[BlackElo "1916"]
[WhiteFideId "1942255"]
[BlackFideId "419010"]
[WhiteCountry "POR"]
[BlackCountry "ENG"]
[PlyCount "143"]
[EventDate "2018.??.??"]

1. e4 c6 2. Nc3 d5 3. Nf3 Bg4 4. h3 Bxf3 5. Qxf3 e6 6. Be2 Nf6 7. O-O dxe4 8.
Nxe4 Nxe4 9. Qxe4 Nd7 10. d4 Nf6 11. Qd3 Bd6 12. c4 O-O 13. Bf3 e5 14. Rd1 Re8
15. dxe5 Bxe5 16. Be3 Qa5 17. Qd2 Qc7 18. Qc2 a5 19. Rd3 Red8 20. Rad1 Rxd3 21.
Rxd3 Rd8 22. b3 Qe7 23. Rxd8+ Qxd8 24. Qd2 Qxd2 25. Bxd2 Bc7 26. Kf1 Kf8 27. Bc3
Ke7 28. Ke2 g6 29. g3 Nd7 30. Be4 Nc5 31. Bc2 Ne6 32. Be4 Nc5 33. Bg2 Ke6 34.
Kd2 Nd7 35. Be4 Nc5 36. Bc2 Nd7 37. a3 Ne5 38. f4 Nd7 39. Ke3 f5 40. b4 axb4 41.
axb4 Nf6 42. Bd1 Ne4 43. Be1 Nf6 44. Bf3 Bd8 45. g4 Nd7 46. g5 Be7 47. h4 Nb8
48. Be2 Na6 49. c5 Nc7 50. Bc4+ Nd5+ 51. Kd4 Bf8 52. Bxd5+ cxd5 53. b5 Bg7+ 54.
Kd3 Bb2 55. Bc3 Ba3 56. Bd4 Bb4 57. Kc2 Ba5 58. Be5 Bb4 59. c6 bxc6 60. b6 Bc5
61. b7 Ba7 62. Kd3 c5 63. b8=Q c4+ 64. Kc3 Bxb8 65. Bxb8 Kd7 66. Be5 Kc6 67. Kb4
Kb6 68. Bc3 Kc6 69. Bd4 Kd6 70. Kb5 Kd7 71. Kc5 Ke6 72. Bc3 1-0

[Event "Portugal Open 2018"]
[Site "Lisboa POR"]
[Date "2018.02.07"]
[Round "7.64"]
[White "Costa, João Guerra"]
[Black "Vandamme, Florian"]
[Result "0-1"]
[WhiteElo "2130"]
[BlackElo "1898"]
[WhiteFideId "1901737"]
[BlackFideId "228672"]
[WhiteCountry "POR"]
[BlackCountry "BEL"]
[PlyCount "108"]
[EventDate "2018.??.??"]

1. e4 c5 2. Nf3 d6 3. d4 cxd4 4. Nxd4 Nf6 5. Nc3 a6 6. Be2 e5 7. Nb3 Be6 8. f4
exf4 9. Bxf4 Nc6 10. O-O Be7 11. Qd3 d5 12. Rad1 d4 13. Na4 Bxb3 14. Qxb3 b5 15.
Bxb5 axb5 16. Qxb5 Rc8 17. Nb6 O-O 18. Nxc8 Qxc8 19. e5 Ng4 20. h3 Ne3 21. Bxe3
dxe3 22. Rfe1 Nd8 23. c4 Ne6 24. b4 Rd8 25. Rxd8+ Qxd8 26. c5 Qd4 27. Kh1 Qxe5
28. Qe8+ Bf8 29. c6 Qf4 30. Qd7 e2 31. Qd3 Bxb4 32. Rxe2 Qc1+ 33. Kh2 Qxc6 34.
g3 Qc1 35. a4 Bc5 36. Rg2 h5 37. h4 Qe1 38. Qe2 Qa1 39. Qa2 Qd4 40. a5 Bd6 41.
Kh1 Qd1+ 42. Rg1 Qd4 43. a6 Bc5 44. Rg2 Nc7 45. Qe2 Qa1+ 46. Kh2 Qxa6 47. Qxh5
Ne6 48. Qg4 Qf1 49. Qe4 Qf6 50. Qg4 Nd4 51. Qe4 Qf1 52. g4 Nf3+ 53. Kh3 Ng1+ 54.
Kh2 Bd6+ 0-1

[Event "Portugal Open 2018"]
[Site "Lisboa POR"]
[Date "2018.02.07"]
[Round "7.65"]
[White "Cuevas Fernandez, José Alberto"]
[Black "Gomes, José Luis"]
[Result "1-0"]
[WhiteElo "2128"]
[BlackElo "1889"]
[WhiteFideId "2288150"]
[BlackFideId "1901710"]
[WhiteCountry "ESP"]
[BlackCountry "POR"]
[PlyCount "71"]
[EventDate "2018.??.??"]

1. d4 d6 2. Nf3 g6 3. c4 Bg7 4. Nc3 Nf6 5. e4 O-O 6. h3 Nbd7 7. Be3 c6 8. Be2 e5
9. d5 c5 10. g4 a6 11. a4 Qa5 12. Nd2 Qb4 13. Qc2 Qa5 14. h4 Ne8 15. h5 Qd8 16.
Nf1 Rb8 17. Qd2 f5 18. gxf5 gxf5 19. exf5 Rxf5 20. h6 Bf8 21. Rg1+ Kh8 22. Ng3
Rf7 23. Bh5 Qe7 24. Bg5 Ndf6 25. O-O-O Bd7 26. f4 b5 27. fxe5 dxe5 28. Rdf1 Rb6
29. a5 Rd6 30. Nce4 Nxe4 31. Nxe4 Rxf1+ 32. Rxf1 Bxh6 33. Bxe7 Bxd2+ 34. Kxd2
Rh6 35. Bxe8 Bxe8 36. Rf8+ 1-0

[Event "Portugal Open 2018"]
[Site "Lisboa POR"]
[Date "2018.02.07"]
[Round "7.66"]
[White "Santos, Júlio"]
[Black "Gonzalez Pruneda, Arturo"]
[Result "0-1"]
[WhiteElo "1870"]
[BlackElo "2126"]
[WhiteFideId "1900650"]
[BlackFideId "2256860"]
[WhiteTitle "NM"]
[WhiteCountry "POR"]
[BlackCountry "ESP"]
[PlyCount "68"]
[EventDate "2018.??.??"]

1. e4 c5 2. Nf3 e6 3. c4 Nc6 4. d4 cxd4 5. Nxd4 a6 6. Nxc6 bxc6 7. Bd3 Nf6 8.
O-O Qc7 9. Nc3 Bc5 10. Bc2 Rb8 11. a3 e5 12. Rb1 a5 13. a4 d6 14. h3 Be6 15. Qd3
h6 16. Kh1 g5 17. b3 Nh5 18. Qf3 Nf4 19. Rd1 g4 20. Qg3 gxh3 21. Bxf4 exf4 22.
Qxf4 hxg2+ 23. Kg1 Rg8 24. Rd3 Rg5 25. Rg3 Bd4 26. Rxg5 hxg5 27. Qg3 Be5 28. Qd3
Ke7 29. Kxg2 Rh8 30. Rh1 Rxh1 31. Kxh1 Qb8 32. Qf3 Qh8+ 33. Kg2 Bxc3 34. Qxc3
Qxc3 0-1

[Event "Portugal Open 2018"]
[Site "Lisboa POR"]
[Date "2018.02.07"]
[Round "7.67"]
[White "Gavrish, Leonid"]
[Black "Sousa, Tadeu"]
[Result "1/2-1/2"]
[WhiteElo "2110"]
[BlackElo "1888"]
[WhiteFideId "14110040"]
[BlackFideId "1928198"]
[WhiteCountry "UKR"]
[BlackCountry "POR"]
[PlyCount "81"]
[EventDate "2018.??.??"]

1. d4 d5 2. c4 e6 3. Nc3 Be7 4. cxd5 exd5 5. Bf4 c6 6. e3 Bf5 7. g4 Be6 8. h4
Bd6 9. Nh3 h5 10. g5 Ne7 11. Bxd6 Qxd6 12. Nf4 Bg4 13. f3 Bf5 14. Qb3 Nd7 15.
Rc1 Ng6 16. Nce2 Nxf4 17. Nxf4 Rb8 18. a3 Nf8 19. Bd3 Bxd3 20. Qxd3 Ng6 21. Nxg6
Qxg6 22. Qxg6 fxg6 23. Ke2 Kd7 24. Kd3 Rhf8 25. Rhf1 Rbe8 26. b4 a6 27. a4 b5
28. axb5 axb5 29. Ra1 Rc8 30. Ra7+ Rc7 31. Rfa1 Rxf3 32. Rxc7+ Kxc7 33. Ra7+ Kb6
34. Rxg7 Rh3 35. Rxg6 Rxh4 36. Ke2 Rg4 37. Kf3 Kc7 38. Rg8 Kb7 39. g6 Ka7 40.
Rg7+ Kb6 41. Rg8 1/2-1/2

[Event "Portugal Open 2018"]
[Site "Lisboa POR"]
[Date "2018.02.07"]
[Round "7.68"]
[White "Hapke, Ralf"]
[Black "Leão, Tiago"]
[Result "1/2-1/2"]
[WhiteElo "1859"]
[BlackElo "2099"]
[WhiteFideId "4655630"]
[BlackFideId "1925563"]
[WhiteCountry "GER"]
[BlackCountry "POR"]
[PlyCount "143"]
[EventDate "2018.??.??"]

1. e4 c5 2. Nf3 d6 3. d4 cxd4 4. Nxd4 Nf6 5. Nc3 g6 6. Be3 Bg7 7. f3 O-O 8. Qd2
Nc6 9. O-O-O d5 10. exd5 Nxd5 11. Nxc6 bxc6 12. Bd4 e5 13. Bc5 Be6 14. Ne4 Nb6
15. Qxd8 Rfxd8 16. Rxd8+ Rxd8 17. Be2 Bh6+ 18. Kb1 f5 19. Nc3 Bd2 20. Rd1 Rd7
21. g4 Bxc3 22. bxc3 Nd5 23. Kc1 Nxc3 24. Rxd7 Nxe2+ 25. Kd2 Bxd7 26. Kxe2 fxg4
27. Bxa7 gxf3+ 28. Kxf3 Kf7 29. a4 Bf5 30. c3 Ke6 31. a5 Kd5 32. Ke3 c5 33. Bb8
c4 34. a6 Bc8 35. a7 Bb7 36. h4 Ke6 37. Bc7 Kf5 38. Bd6 Bc6 39. Bc7 h6 40. Bd6
g5 41. hxg5 hxg5 42. Be7 Bb7 43. Bd8 g4 44. Bh4 Ke6 45. Bg3 Kd5 46. Bh2 e4 47.
Bg3 Kc5 48. Be5 Kb5 49. Kf4 Ka4 50. Bd4 Kb3 51. Kxg4 Kc2 52. Kf4 Kd3 53. Kg3 Kc2
54. Kf2 Kd2 55. Be3+ Kxc3 56. Ke2 Bc6 57. Kd1 Kd3 58. Bc1 e3 59. Ke1 c3 60. Ba3
Bf3 61. Bc1 c2 62. Ba3 Bg2 63. Bc1 Be4 64. Ba3 Bb7 65. Bc1 Bf3 66. Ba3 Kc3 67.
Bc1 Kb3 68. Bxe3 Kb2 69. Kf2 Bb7 70. Ke2 Bc6 71. Kd3 c1=Q 72. Bxc1+ 1/2-1/2

[Event "Portugal Open 2018"]
[Site "Lisboa POR"]
[Date "2018.02.07"]
[Round "7.69"]
[White "Santos, José Gulherme"]
[Black "Cohen, Lawrence"]
[Result "1-0"]
[WhiteElo "2098"]
[BlackElo "1866"]
[WhiteFideId "1939300"]
[BlackFideId "2026228"]
[WhiteCountry "POR"]
[BlackCountry "USA"]
[PlyCount "65"]
[EventDate "2018.??.??"]

1. e4 c5 2. Nf3 e6 3. d4 cxd4 4. Nxd4 Nc6 5. Nc3 a6 6. Be3 Nf6 7. Bd3 Ne5 8. h3
b5 9. a3 Bb7 10. f4 Nc4 11. Bxc4 bxc4 12. Qf3 Rb8 13. g4 Qa5 14. O-O Nxe4 15.
Nxe4 f5 16. gxf5 exf5 17. Nf6+ gxf6 18. Qh5+ Kd8 19. Qf7 Be7 20. Rfd1 Bd5 21.
Ne6+ Bxe6 22. Qxe6 Qa4 23. b3 Ke8 24. Qxe7+ Kxe7 25. Bc5+ Ke8 26. bxa4 Rg8+ 27.
Kf2 Rb2 28. Rd2 c3 29. Re2+ Kf7 30. Re7+ Kf8 31. Rae1 Rg7 32. Rxd7+ Kg8 33. Re8#
1-0

[Event "Portugal Open 2018"]
[Site "Lisboa POR"]
[Date "2018.02.07"]
[Round "7.70"]
[White "Guerreiro, Nuno"]
[Black "Roxo, Agostinho"]
[Result "1-0"]
[WhiteElo "2079"]
[BlackElo "1862"]
[WhiteFideId "1903012"]
[BlackFideId "1902890"]
[WhiteCountry "POR"]
[BlackCountry "POR"]
[PlyCount "119"]
[EventDate "2018.??.??"]

1. e4 c5 2. d4 cxd4 3. c3 dxc3 4. Nxc3 Nc6 5. Nf3 a6 6. Bc4 e6 7. O-O Bb4 8. Bg5
Be7 9. Bf4 d6 10. Qd2 e5 11. Be3 Nf6 12. Bg5 Bg4 13. Bxf6 Bxf6 14. Ne1 O-O 15.
Nc2 Rc8 16. Bd5 Bg5 17. Qd3 Be6 18. Rad1 Be7 19. h3 Qb6 20. Rb1 Rfd8 21. Rfd1
Kh8 22. a3 Qc7 23. Qe3 b5 24. Bxc6 Qxc6 25. Nb4 Qa8 26. Nbd5 Qb7 27. Rd2 Bf8 28.
Rbd1 Rc5 29. Nb4 Rcc8 30. Nbd5 Rc5 31. Qg5 Rcc8 32. Kh1 h6 33. Qg3 a5 34. b4
axb4 35. axb4 Rc4 36. Qd3 Bxd5 37. Nxd5 Rdc8 38. Qb1 R8c6 39. f3 Qc8 40. Qd3 Ra6
41. Qe2 g6 42. Rb2 Rac6 43. Ne3 Rc3 44. Nd5 R3c4 45. Ra1 Rc1+ 46. Rxc1 Rxc1+ 47.
Kh2 Ra1 48. Qxb5 Qc1 49. Qe2 h5 50. Qd2 Qg1+ 51. Kg3 g5 52. b5 Bh6 53. b6 Kg7
54. b7 g4 55. Qxh6+ Kxh6 56. b8=Q Qe1+ 57. Rf2 h4+ 58. Kxg4 Qxf2 59. Qh8+ Kg6
60. Ne7# 1-0

[Event "Portugal Open 2018"]
[Site "Lisboa POR"]
[Date "2018.02.07"]
[Round "7.71"]
[White "Pereira, Fernando Melão"]
[Black "Skalli, Taoufik"]
[Result "1-0"]
[WhiteElo "2043"]
[BlackElo "1858"]
[WhiteFideId "1900153"]
[BlackFideId "9004980"]
[WhiteTitle "NM"]
[WhiteCountry "POR"]
[BlackCountry "MAR"]
[PlyCount "49"]
[EventDate "2018.??.??"]

1. d4 Nf6 2. c4 e6 3. Nf3 Bb4+ 4. Bd2 Qe7 5. g3 O-O 6. Bg2 Ne4 7. O-O d5 8. Qb3
Nxd2 9. Nbxd2 c6 10. e4 Bxd2 11. Nxd2 dxe4 12. Nxe4 Nd7 13. Rfe1 Rb8 14. Rad1
Rd8 15. d5 cxd5 16. cxd5 exd5 17. Qxd5 Rf8 18. Nd6 Qf6 19. Nxc8 Rbxc8 20. Qxd7
Rc2 21. Qd4 Qxd4 22. Rxd4 Rxb2 23. Bd5 g6 24. Re7 h6 25. Rf4 1-0

[Event "Portugal Open 2018"]
[Site "Lisboa POR"]
[Date "2018.02.07"]
[Round "7.72"]
[White "Larsen, Sander"]
[Black "Plasil, Petr"]
[Result "1-0"]
[WhiteElo "1824"]
[BlackElo "2042"]
[WhiteFideId "227315"]
[BlackFideId "359360"]
[WhiteCountry "BEL"]
[BlackCountry "CZE"]
[PlyCount "69"]
[EventDate "2018.??.??"]

1. d4 Nf6 2. Nf3 g6 3. Bg5 Bg7 4. Nbd2 d5 5. c3 O-O 6. e3 c5 7. Bd3 Nc6 8. O-O
Nd7 9. a3 f6 10. Bh4 e5 11. dxe5 Ndxe5 12. Nxe5 Nxe5 13. Nf3 Qb6 14. b4 Be6 15.
Be2 Nxf3+ 16. Bxf3 Rfd8 17. Rb1 Rd7 18. Qa4 Rad8 19. bxc5 Qxc5 20. Rb5 Qc6 21.
Rb4 Rc8 22. Qxa7 Bf8 23. Rb6 Qc4 24. Rxe6 Bc5 25. Qa5 b6 26. Rxb6 Qxh4 27. Ra6
Kg7 28. Qb5 Rcc7 29. g3 Qg5 30. a4 Qe5 31. Qd3 Ba3 32. Rd1 Rxc3 33. Qb5 Rcc7 34.
Rc6 Rb7 35. Qd3 1-0

[Event "Portugal Open 2018"]
[Site "Lisboa POR"]
[Date "2018.02.07"]
[Round "7.73"]
[White "Mendes, Modeste"]
[Black "Machado, Tomás"]
[Result "0-1"]
[WhiteElo "2039"]
[BlackElo "1852"]
[WhiteFideId "1925920"]
[BlackFideId "1946838"]
[WhiteCountry "POR"]
[BlackCountry "POR"]
[PlyCount "86"]
[EventDate "2018.??.??"]

1. Nf3 Nf6 2. g3 g6 3. Bg2 Bg7 4. c4 e6 5. O-O d5 6. d4 O-O 7. Nc3 b6 8. Ne5 Bb7
9. cxd5 Nxd5 10. Nxd5 Bxd5 11. e4 Bb7 12. Be3 Nd7 13. Nd3 Nf6 14. f3 Qe7 15. Rc1
Rfd8 16. Qb3 Ne8 17. Qc4 a5 18. Rfd1 Ba6 19. Qc3 Rd7 20. Ne5 Bxe5 21. dxe5 Rad8
22. Rxd7 Qxd7 23. Bf1 Bxf1 24. Kxf1 Qb5+ 25. Kf2 c5 26. b3 Nc7 27. Qc2 Qd7 28.
a4 Na6 29. Ke2 Nb4 30. Qb1 Qc7 31. Rd1 Rxd1 32. Qxd1 Qxe5 33. Qd8+ Kg7 34. Qxb6
Qb2+ 35. Kf1 Qxb3 36. Qxc5 Qd3+ 37. Kg1 Qd1+ 38. Kg2 Qe2+ 39. Kh3 Qxf3 40. Bd4+
Kh6 41. Qf8+ Kh5 42. Qc5+ g5 43. Qb5 Nd3 0-1

[Event "Portugal Open 2018"]
[Site "Lisboa POR"]
[Date "2018.02.07"]
[Round "7.74"]
[White "Arroyo Figuero, Fernando"]
[Black "Andias, João"]
[Result "0-1"]
[WhiteElo "1783"]
[BlackElo "2015"]
[WhiteFideId "22218769"]
[BlackFideId "1900862"]
[WhiteCountry "ESP"]
[BlackCountry "POR"]
[PlyCount "82"]
[EventDate "2018.??.??"]

1. e4 c5 2. Nf3 e6 3. d4 cxd4 4. Nxd4 Nf6 5. Nc3 d6 6. Bd3 Nc6 7. Be3 Be7 8. g4
Nxd4 9. Bxd4 e5 10. Be3 Nxg4 11. Bb5+ Kf8 12. Qf3 Nxe3 13. fxe3 Bh4+ 14. Ke2 Qf6
15. Qg2 Qg6 16. Qf1 Be6 17. Rg1 Qf6 18. Qg2 g6 19. Raf1 Qe7 20. Kd2 Kg7 21. Kc1
Rac8 22. Ba4 Rc5 23. Bb3 b5 24. Nd5 Qd8 25. Nc3 a5 26. Bxe6 fxe6 27. Qh3 Qe7 28.
Rg4 Bf6 29. Rfg1 Rhc8 30. R1g2 b4 31. Nd1 Qc7 32. c3 bxc3 33. b3 a4 34. Qg3 Qf7
35. b4 Rc4 36. a3 c2 37. Nb2 Bh4 38. Rf4 exf4 39. Qxh4 fxe3 40. Qe1 Qf6 41. h4
Qxb2+ 0-1

[Event "Portugal Open 2018"]
[Site "Lisboa POR"]
[Date "2018.02.07"]
[Round "7.75"]
[White "Gonçalves, Samuel"]
[Black "Cavaleiro, Daniel"]
[Result "0-1"]
[WhiteElo "1469"]
[BlackElo "2010"]
[WhiteFideId "1945130"]
[BlackFideId "1904663"]
[WhiteCountry "POR"]
[BlackCountry "POR"]
[PlyCount "70"]
[EventDate "2018.??.??"]

1. e4 g6 2. d4 Bg7 3. c4 d6 4. Nf3 Nf6 5. Bd3 O-O 6. O-O c6 7. h3 a6 8. a4 a5 9.
Na3 Nfd7 10. Be3 Na6 11. Nc2 e5 12. Ra3 exd4 13. Bxd4 Re8 14. Bxg7 Kxg7 15. Qd2
Ndc5 16. Re1 Qf6 17. b4 axb4 18. Nxb4 Bxh3 19. Nxa6 Rxa6 20. Bc2 Bg4 21. Nh2 Bd7
22. Rf3 Qe5 23. Rf4 Ne6 24. Rh4 Qg5 25. Qc3+ f6 26. Qh3 Rh8 27. f4 Qc5+ 28. Kh1
Raa8 29. e5 fxe5 30. fxe5 Qf2 31. Qe3 Qxh4 32. exd6 Rae8 33. Rf1 Rhf8 34. Qe5+
Kg8 35. Rb1 Nd4 0-1

[Event "Portugal Open 2018"]
[Site "Lisboa POR"]
[Date "2018.02.07"]
[Round "7.76"]
[White "Crespo Gavilán, Abel"]
[Black "Van Ginkel, Henk"]
[Result "1-0"]
[WhiteElo "1978"]
[BlackElo "1849"]
[WhiteFideId "2215470"]
[BlackFideId "1036394"]
[WhiteCountry "ESP"]
[BlackCountry "NED"]
[PlyCount "111"]
[EventDate "2018.??.??"]

1. c4 Nf6 2. Nf3 c5 3. Nc3 d6 4. d4 cxd4 5. Nxd4 g6 6. e4 Bg7 7. Be2 O-O 8. Be3
Nc6 9. Qd2 Bd7 10. f3 a6 11. O-O Rc8 12. Rab1 Qc7 13. Rfc1 e6 14. Nxc6 Bxc6 15.
b4 Rfd8 16. b5 Be8 17. bxa6 bxa6 18. Bb6 Qc6 19. Bxd8 Rxd8 20. Qe3 Nd7 21. Kh1
Nc5 22. Bd1 h5 23. Ne2 Kh7 24. Qa3 Qc7 25. Bc2 Bc6 26. Qb4 Nd7 27. Rd1 Bf8 28.
Qd2 Be7 29. Nd4 Ba8 30. Nb3 Qxc4 31. Bd3 Qa4 32. Qe2 Bb7 33. Rdc1 Bc8 34. Rc7
Bg5 35. Qc2 Ne5 36. Be2 Bd7 37. g3 Be3 38. f4 Nc6 39. Na1 Nd4 40. Qxa4 Bxa4 41.
Bxa6 Bc6 42. Bd3 Kg8 43. Nc2 Nxc2 44. Bxc2 Ba8 45. Kg2 d5 46. Kf3 d4 47. Ke2 g5
48. fxg5 Bxg5 49. Rb5 Bf6 50. Rbc5 Kg7 51. Rc8 Rxc8 52. Rxc8 Bb7 53. Rc7 Ba6+
54. Bd3 Bd8 55. Rd7 Bb6 56. Bxa6 1-0

[Event "Portugal Open 2018"]
[Site "Lisboa POR"]
[Date "2018.02.07"]
[Round "7.77"]
[White "Van Zyl-Rudd, Jack"]
[Black "Ribeiro, Bruno Rafael"]
[Result "1-0"]
[WhiteElo "2197"]
[BlackElo "1831"]
[WhiteFideId "14309017"]
[BlackFideId "1908081"]
[WhiteTitle "FM"]
[WhiteCountry "RSA"]
[BlackCountry "POR"]
[PlyCount "61"]
[EventDate "2018.??.??"]

1. d4 d5 2. c4 e6 3. Nc3 c6 4. Nf3 dxc4 5. a4 Bb4 6. e3 b5 7. Bd2 a5 8. axb5
Bxc3 9. Bxc3 cxb5 10. b3 Bb7 11. bxc4 b4 12. Bb2 Nf6 13. Bd3 O-O 14. O-O Nbd7
15. Nd2 e5 16. f3 Re8 17. Bc2 Qc7 18. Rf2 exd4 19. exd4 Nb6 20. Bb3 Qf4 21. c5
Nbd5 22. Nc4 Ne3 23. Qd2 Bd5 24. Rxa5 Nxg2 25. Rxa8 Bxa8 26. Ne5 Ne3 27. Bxf7+
Kf8 28. Bxe8 Kxe8 29. Bc1 Qg5+ 30. Kh1 Nfd5 31. Nc4 1-0

[Event "Portugal Open 2018"]
[Site "Lisboa POR"]
[Date "2018.02.07"]
[Round "7.78"]
[White "Baumgartner, Christopher"]
[Black "Pintor, Simão"]
[Result "0-1"]
[WhiteElo "1809"]
[BlackElo "2060"]
[WhiteFideId "2022087"]
[BlackFideId "1904787"]
[WhiteCountry "USA"]
[BlackCountry "POR"]
[PlyCount "72"]
[EventDate "2018.??.??"]

1. e4 c5 2. Nf3 Nc6 3. Bb5 g6 4. O-O Bg7 5. c3 Nf6 6. Qa4 O-O 7. d4 cxd4 8. cxd4
d5 9. e5 Ne4 10. Bxc6 bxc6 11. Qxc6 Rb8 12. Nbd2 Rb6 13. Qc2 Bf5 14. Nxe4 dxe4
15. Nh4 Qxd4 16. Nxf5 gxf5 17. Be3 Qxb2 18. Qa4 Rb7 19. Bd4 Rb4 20. Bxb2 Rxa4
21. f4 Rb8 22. Bc1 e6 23. Be3 Bf8 24. Rf2 Ra3 25. Bc1 Rd3 26. Rc2 e3 27. Kf1 Ba3
28. Ke2 Rbd8 29. Bxe3 a5 30. Bb6 R8d5 31. Bxa5 R3d4 32. Bd2 Re4+ 33. Kf1 Bb4 34.
Bc1 Rd1+ 35. Kf2 Be1+ 36. Kf1 Bg3# 0-1

[Event "Portugal Open 2018"]
[Site "Lisboa POR"]
[Date "2018.02.07"]
[Round "7.79"]
[White "Kersten, Julian"]
[Black "Silva, Tiago Alexandre"]
[Result "1/2-1/2"]
[WhiteElo "2032"]
[BlackElo "1716"]
[WhiteFideId "1628542"]
[BlackFideId "1935321"]
[WhiteCountry "AUT"]
[BlackCountry "POR"]
[PlyCount "101"]
[EventDate "2018.??.??"]

1. e4 e5 2. f4 d5 3. exd5 exf4 4. Nf3 Nf6 5. Bb5+ c6 6. dxc6 Nxc6 7. d4 Bd6 8.
O-O O-O 9. Nbd2 Bg4 10. c3 a6 11. Bd3 Re8 12. Nc4 Bc7 13. Qc2 Bxf3 14. Rxf3 b5
15. Nd2 Qe7 16. Rf1 g5 17. Nf3 h6 18. Bd2 Qd6 19. Rae1 Kg7 20. Rxe8 Rxe8 21. Kh1
Ng4 22. Bf5 Ne3 23. Bxe3 Rxe3 24. Re1 Qe7 25. Qd2 Rxe1+ 26. Qxe1 Qxe1+ 27. Nxe1
b4 28. Be4 Na7 29. c4 Kf6 30. Nd3 a5 31. Bb7 Ke7 32. Kg1 Kd8 33. Kf1 Nc8 34.
Bxc8 Kxc8 35. h3 Kd7 36. Ke2 Ke6 37. Kf3 h5 38. d5+ Kf5 39. c5 g4+ 40. hxg4+
hxg4+ 41. Ke2 Be5 42. b3 Ke4 43. Nxe5 Kxe5 44. d6 Ke6 45. Kf2 Kd7 46. Ke2 Kc6
47. Kd3 f5 48. Ke2 Kd7 49. Kf2 Kc6 50. Ke2 Kd7 51. Kf1 1/2-1/2

[Event "Portugal Open 2018"]
[Site "Lisboa POR"]
[Date "2018.02.07"]
[Round "7.80"]
[White "Silva, Pedro Gil"]
[Black "Zemlicka, Vit"]
[Result "0-1"]
[WhiteElo "1766"]
[BlackElo "2015"]
[WhiteFideId "1946102"]
[BlackFideId "303143"]
[WhiteCountry "POR"]
[BlackCountry "CZE"]
[PlyCount "46"]
[EventDate "2018.??.??"]

1. e4 e5 2. Nf3 Nc6 3. Bc4 Nf6 4. d3 Be7 5. c3 O-O 6. O-O d5 7. exd5 Nxd5 8. Re1
Bg4 9. h3 Bh5 10. Bb5 f6 11. Nbd2 Nb6 12. Ne4 a6 13. Bxc6 bxc6 14. Ng3 Bf7 15.
d4 exd4 16. Nxd4 Qd7 17. Nxc6 Bd6 18. Ne7+ Kh8 19. Nef5 Rfe8 20. Be3 Bf8 21.
Qxd7 Nxd7 22. Bf4 g6 23. Nd4 c5 0-1

[Event "Portugal Open 2018"]
[Site "Lisboa POR"]
[Date "2018.02.07"]
[Round "7.81"]
[White "Chaerle, Josse"]
[Black "Asvestopoulou, Evdokia"]
[Result "1-0"]
[WhiteElo "2011"]
[BlackElo "1685"]
[WhiteFideId "229920"]
[BlackFideId "4219198"]
[WhiteCountry "BEL"]
[BlackCountry "GRE"]
[PlyCount "33"]
[EventDate "2018.??.??"]

1. e4 c5 2. d4 cxd4 3. c3 dxc3 4. Nxc3 g6 5. Bc4 Bg7 6. Nf3 d6 7. e5 Qc7 8. Qb3
Be6 9. Bxe6 fxe6 10. O-O Nc6 11. exd6 exd6 12. Qxe6+ Qe7 13. Qc4 O-O-O 14. Bg5
Bf6 15. Nd5 Qg7 16. Nxf6 Nxf6 17. Qe6+ 1-0